| 000 | 00416nam a2200169 4500 | ||
|---|---|---|---|
| 003 | CO-ViMGA | ||
| 020 | _a9786077070450 | ||
| 040 |
_aCO-ViMGA _bspa _cCO-ViMGA |
||
| 082 | 0 | 4 |
_a155.4223 _bC14b |
| 100 | 1 |
_aCalero, Mavilo _9847 |
|
| 245 | 1 | 0 | _aSu bebe quiere y puede leer |
| 250 | _a1a. ed. | ||
| 260 |
_aMexico _bAlfaomega _c2011 |
||
| 300 |
_a112 p. _b17 cm. |
||
| 650 | 1 | 4 |
_aEducacion inicial _9848 |
| 942 |
_2ddc _cBK |
||
| 999 |
_c12143 _d12143 |
||